000 00729cam a22002534a 4500
008
020 _a0749435410 (pbk.)
049 _aMAIN
090 _aHD59
_bOLI
100 1 _aOliver, Sandra.
245 1 0 _aPublic relations strategy /
_cSandra Oliver.
250 _a2nd ed.
260 _aLondon ;
_aPhiladelphia :
_bKogan Page,
_c2007.
300 _axiv, 146 p. :
_bill. ;
_c24 cm.
440 0 _aPR in practice series
500 _aIncludes index.
504 _aIncludes bibliographical references.
650 0 _aPublic relations
_xManagement.
907 _a.b10315536
_b11-07-12
_c11-07-12
003
005 20230123125436.0
040 _cNUST
942 _cBOOKS
_kHD59
_mOLI
999 _c141572
_d141572